Regioni di nascita delle celebrità italiane - Statistics

Statistiche generali
  • Questo quiz è stato fatto 43 volte
  • Il punteggio medio è 18 su 30
Statistiche sulle risposte
Celebrità Regione % Corretto
Lazza Lombardia
95%
Luca Laurenti Lazio
84%
Ilary Blasi Lazio
84%
Caterina de Medici Toscana
84%
Sergio Mattarella Sicilia
81%
Serena Brancale Puglia
78%
Giorgia Lazio
76%
Carolina Kostner Trentino-Alto Adige
73%
LDA Campania
70%
Ghali Lombardia
70%
Sandro Botticelli Toscana
70%
Noemi Lazio
68%
Elisabetta Canalis Sardegna
68%
Mia Martini Calabria
65%
Ambra Angiolini Lazio
65%
Federica Pellegrini Veneto
65%
Silvia Toffanin Veneto
59%
Margherita Hack Toscana
57%
Rudy Zerbi Lombardia
54%
Vittorio Sgarbi Emilia-Romagna
51%
Renzo Piano Liguria
51%
Cristiano Malgioglio Sicilia
49%
Samurai Jay Campania
43%
Giovanni Giolitti Piemonte
43%
Antonella Elia Piemonte
38%
Laura Cremaschi Lombardia
35%
Eleonora Duse Lombardia
30%
Dino Buzzati Veneto
27%
Giovanni Muciaccia Puglia
22%
Giorgio Bassani Emilia-Romagna
19%
Nessun quiz corrispondente trovato
Distribuzione punteggi
Percentuale di utenti per punteggio
Percentile per numero di risposta
I tuoi punteggi nel tempo
Non hai fatto questo quiz